Η παρουσίαση της βιοτεχνολογίας από τον ελληνικό τύπο για τη χρονική περίοδο 2002-2004 : διατριβή
Αποθηκεύτηκε σε:
| Κύριος συγγραφέας: | |
|---|---|
| Συγγραφή απο Οργανισμό/Αρχή: | |
| Άλλοι συγγραφείς: | |
| Μορφή: | Thesis Βιβλίο |
| Γλώσσα: | Greek |
| Δημοσίευση: |
2010
|
| Θέματα: | |
| Διαθέσιμο Online: | http://hdl.handle.net/11610/15114 |
| Ετικέτες: |
Προσθήκη ετικέτας
Δεν υπάρχουν, Καταχωρήστε ετικέτα πρώτοι!
|
MARC
| LEADER | 00000cam a2200000 i 4500 | ||
|---|---|---|---|
| 001 | 1/15682 | ||
| 008 | 111013s2010 gre d | ||
| 035 | |l 10111078 | ||
| 040 | |a GR-MY-UA |b gre |e aacr | ||
| 041 | 0 | |a gre | |
| 082 | 0 | |a 302.23 |2 (22) | |
| 100 | 1 | |a Βαλίδου, Αναστασία. | |
| 245 | 1 | 2 | |a Η παρουσίαση της βιοτεχνολογίας από τον ελληνικό τύπο για τη χρονική περίοδο 2002-2004 : |b διατριβή / |c Βαλίδου Αναστασία ; επιβλέπων καθηγητής: I. Μποτατζάγιας |
| 260 | |c 2010 | ||
| 300 | |a 48 σ.; |c 30 εκ. | ||
| 500 | |a Βιβλιογραφία: σ. 43-48 | ||
| 502 | |a Διατριβή (μεταπτυχιακή) – Πανεπιστήμιο Αιγαίου, Λέσβος, 2010. | ||
| 650 | 0 | 0 | |a Biotechnology |x Social aspects. |
| 650 | 0 | 0 | |a Newspapers |x Sections, columns, etc. |x Biotechnology. |
| 650 | 0 | 0 | |a Genetically modified foods. |
| 650 | 0 | 0 | |a Mass media and public opinion. |
| 650 | 0 | 0 | |a Mass media and the environment |x Social aspects. |
| 650 | 0 | 0 | |a Dissertations, Academic |z Greece. |
| 700 | 1 | |4 ths |a Μποτετζάγιας, Ιωσήφ Α. . | |
| 710 | 2 | |a Πανεπιστήμιο Αιγαίου |b Σχολή Περιβάλλοντος |b Τμήμα Περιβάλλοντος |b Πρόγραμμα Μεταπτυχιακών Σπουδών Περιβαλλοντική Πολιτική και Διαχείριση. | |
| 852 | |a INST |b LESVOS |c DIATR |e 20111013 |h 661 |p 005100051375 |q 005100051375 |t MTXE |y 23 | ||
| 852 | |a INST |b LESVOS |c DIATR |e 20111013 |h 662 |p 005100051374 |q 005100051374 |t MTXE |y 23 | ||
| 856 | |u http://hdl.handle.net/11610/15114 | ||
| 901 | |a BIBL1-2011-3 | ||
| 909 | |a Λ |b 172792 | ||
| 909 | |a Λ |b 172793 | ||
| 924 | |a ΒΑΛΙΔΟΥ |b ΑΝΑΣΤΑΣΙΑ |y ΛΕΣΒΟΣ |z 2010-12 | ||
| 970 | |a ΤΖΑΦΕΡΗ |b ΕΥΑΓΓΕΛΙΑ |z 2011/10/13 | ||